Statistics for Random Samoan Words

Click here to take the quiz!

General Stats

  • This quiz has been taken 54 times
  • The average score is 8 of 15

Answer Stats

Samoan English % Correct
KofeCoffee
95%
PusiCat
93%
MoegaBed
83%
FaitotoaDoor
76%
AlugaPillow
71%
ManuBird
63%
MamoeSheep
63%
AisaIce
59%
Lanu MoagaBlue
56%
AualaRoad
56%
TioataGlass
34%
SosoloSink
5%
LimaHandle
2%
VaomagoStraw
0%
SoloEraser
0%

Score Distribution

Percentile by Number Answered

Percent of People with Each Score

Your Score History

You have not taken this quiz